Crítica del derecho penal de hoy (Registro nro. 320625)

Detalles MARC
000 -ENCABEZADO
Número de control [NR] 01090nam a22002657a 4500
005 - FECHA Y HORA DE LA ÚLTIMA TRANSACCIÓN
control field 20220217094018.0
008 - DE LONGITUD FIJA DE DATOS DE ELEMENTOS - INFORMACIÓN GENERAL
Elementos de longitud fija [NR] 220217s1998 ck |||gr|||| 00| 0 spa d
020 ## - NUMERO INTERNACIONAL NORMALIZADO PARA LIBROS [R]
Número Internacional Normalizado del libro [NR] 9586162281
040 ## - FUENTE DE CATALOGACION [NR]
Agencia de catalogación original [NR] CO-BoUCM
Idioma de catalogación [NR] spa
Quien Cataloga Deissy Garcia
Quien Clasifica Deissy Garcia
041 1# - CODIGO DE IDIOMA [R]
Código de idioma para texto/pista de sonido o título separado [R] Español
Language code of original and/or intermediate translations of text eng
100 ## - ASIENTO PRINCIPAL--NOMBRE PERSONAL [NR]
ID Autoridad 157858
Nombre personal [NR] Hassemer, Winfried
245 ## - MENCION DE TITULO [NR]
Título [NR] Crítica del derecho penal de hoy
Mención de responsabilidad, etc. [NR] Winfried Hassemer ; traducción Patricia S. Ziffer
260 ## - PUBLICACION, DISTRIBUCION, ETC. (PIE DE IMPRENTA) [R]
Lugar de publicación, distribución, etc. [R] Bogotá
Nombre del editor, distribuidor, etc. [R] Universidad Externado de Colombia
Fecha de publicación, distribución, etc. [R] 1998
300 ## - DESCRIPCION FISICA [R]
Extensión [R] 118 páginas
490 0# - MENCION DE SERIE [R]
Mención de serie [R] Colección de estudios
Designación numérica/secuencial del volumen [NR] 10
504 ## - NOTA DE BIBLIOGRAFIA, ETC. [R]
Nota de bibliografía, etc. [NR] Incluye referencias bibliográficas
650 #7 - ASIENTO SECUNDARIO DE MATERIA - TERMINO TEMATICO [R]
Término temático o nombre geográfico como elemento de entrada [NR] Argumentación jurídica
Subdivisión geográfica [R] Alemania
9 (RLIN) 173482
650 #7 - ASIENTO SECUNDARIO DE MATERIA - TERMINO TEMATICO [R]
Término temático o nombre geográfico como elemento de entrada [NR] Procedimiento penal
Subdivisión geográfica [R] Alemania
9 (RLIN) 173483
650 #7 - ASIENTO SECUNDARIO DE MATERIA - TERMINO TEMATICO [R]
Término temático o nombre geográfico como elemento de entrada [NR] Derecho penal
Subdivisión general [R] Crítica e interpretación
Subdivisión geográfica [R] Alemania
9 (RLIN) 173484
650 #7 - ASIENTO SECUNDARIO DE MATERIA - TERMINO TEMATICO [R]
Término temático o nombre geográfico como elemento de entrada [NR] Derecho penal
Subdivisión general [R] Enseñanza
Subdivisión geográfica [R] Alemania
9 (RLIN) 173485
700 ## - ASIENTO SECUNDARIO - NOMBRE PERSONAL [R]
Nombre personal [NR] Ziffer, Patricia S
Término de relación [R] traductor
9 (RLIN) 118149
710 2# - ASIENTO SECUNDARIO - NOMBRE CORPORATIVO [R]
Nombre corporativo o de jurisdicción como elemento de entrada [NR] Universidad Externado de Colombia
Unidad subordinada [R] Centro de Investigación en Filosofía y Derecho
9 (RLIN) 31005
942 ## - ELEMENTOS DE ENTRADA AGREGADOS (KOHA)
Sistema de clasificación DEWEY
Tema principal Derecho
Tipo de ítem principal el descrito en 300a Libro
Edición 1
Clasificación 343
Parte restante de la signatura top. H355c
Título oculto en OPAC No
Existencias
Signatura topográfica Código de barras Última vez visto Ejemplar Costo de reposición Price effective from Tipo de ítem Perdido Sistema de clasificación Dañado No prestable Tipo de ítem específico Suprimido Ubicación habitual Ubicación actual Localización Fecha de creación Forma de adquisición Costo
343 H355c 100169617 09/12/2024 Ej.1 26000.00 17/02/2022 Libro   DEWEY     Libro   BodegaJK Claustro Préstamo 2 días después de solicitado 17/02/2022 Donación 0.00